Auf Wiedersehen Pet TV Quiz - 70 questions! - Statistics

General Stats
  • This quiz has been taken 932 times
  • The average score is 33 of 70
Answer Stats
Hint Answer % Correct
The Leader of the group Dennis Patterson
97%
Big Toothless Geordie! Leonard 'OZ' Osbourne
94%
German City where Series 1 was set Dusseldorf
92%
Actor who played above Character Tim Healy
89%
Name of his german secretary love interest in Series 1 Dagmar
82%
Cockney Womaniser Wayne Norris
70%
Which Character's son is he? Wayne's
69%
The gentle giant of the group Brian 'BOMBER' Busbridge
68%
....and his trade...? Joiner / Carpenter
67%
Which character's house do they renovate at the start of Series 2? Barry's
64%
...car that he drives in Series 2 Red BMW 520
64%
City he hails from Bristol
62%
Who goes 'undercover' with Tarquin in Series 4? Neville
62%
The moaning one... Neville Hope
62%
English City where 3 of the group are from... Newcastle
62%
Barry's trade Electrician
61%
Actor who played Barry Timothy Spall
61%
What colour does Wayne have in his hair in Series 1? Blue
60%
Neville's wife Brenda
60%
What musical instrument does Neville learn in Series 1 Guitar
60%
Barry's mode of transport in Series 1 Motorbike
59%
Year Series 1 was first broadcast... 1983
58%
What happened to 'the hut' at the end of Series 1? Burned Down
58%
The Scouser played by Chris Fairbank Albert Arthur Moxey
57%
Moxey's trade Plasterer
56%
What colour does Wayne have in his hair in Series 2? Red
56%
What does Oz do at the country and western night? Sing
54%
Which English football team do Oz & Dennis go to watch in Liege? Sunderland
54%
Where does Neville work a second job? (Series 1) Indian Restaurant
52%
What vegetable is Barry described as by Wayne.."a bit of a ...."? Radish
52%
Character they worked for in Spain (Series 2) Ally Fraser
49%
Landlord of that Pub Arthur Pringle
49%
Closing theme tune (Series 1) That's livin' alright
48%
Football club that Barry had a season ticket for Wolverhampton Wanderers
47%
What long running TV soap is now filmed on the Elstree studios building site set? Eastenders
46%
What does Dennis hide a can of beer in when he visits Oz in hospital? Flowers
46%
Actor who played him..? Gary Holton
46%
Barry's first wife (series 2) Hazel
46%
Name of the renovated Stately home..? (Series 2) Thornley Manor
46%
Opening theme tune (Series 1) Breakin Away
45%
Country Pub from Series 2 Barley Mow
43%
Oz's son Rod
41%
What they build there... Transporter Bridge
41%
What does Auf Wiedersehen mean? Goodbye / Farewell
40%
Oz's wife? Marjorie
40%
Setting of Series 4 Havana, Cuba
38%
Actor who played Colin, the army runaway (Series 1) Ray Winstone
38%
Who does Oz have a fling with in Spain? Vicki
38%
Dennis' wife? Vera
37%
Where they go in Series 3? Arizona, USA
36%
Who does Wayne marry off screen between Series 1&2? Christa
36%
Dennis' sister? Norma
36%
Noel Clarke's character (Series 3 onwards) Wyman
35%
What bottled German beer do they often drink in the hut? Becks
32%
Singer of above theme tunes Joe Fagin
32%
Where do Barry and Moxey try to drive to before getting clamped? Gibraltar
29%
What does Barry's brother-in-law smuggle in Series 3? Cocaine
27%
Barry's second Russian wife (Series 3) Tatiana
27%
Year last episode was first broadcast 2004
26%
Who plays Geoffrey Grainger? (Series 3) Bill Nighy
26%
Site manager in Series 1 Herr Grunwald
25%
From who's safe does Moxey steal from in Series 3? Mickey Startup
25%
Actor who played above Character Jimmy Nail
24%
Building site thug who Michael Elphick played? Magowan
21%
Where Moxey emigrates to at the end..? Australia
20%
How many episodes in total? 40
18%
What happens to Barry in these episodes? He gets Kidnapped
18%
Setting of the final two part special? Thailand
14%
Oz's love interest (Series 4) Ofelia Ortiz
10%
'Company' they work for there? British Embassy
9%
No matching quizzes found
Score Distribution
Percent of People with Each Score
Percentile by Number Answered
Your Score History
You have not taken this quiz